Case, scope, and binding
| Published in: | Studies in natural language and linguistic theory |
|---|---|
| Main Author: | |
| Content type: | Book |
| Published: |
Dordrecht [etc.]:
Kluwer Academic
1994
|
| Series: | Studies in natural language and linguistic theory |
| Source: | MPIPL_cat |
| _version_ | 1863687004773941250 |
|---|---|
| author | Bittner, Maria |
| author_facet | Bittner, Maria |
| author_search | Bittner, Maria |
| author_sort | Bittner, Maria |
| author_variant | m b mb |
| callnumber-first | 210-Bit/1 |
| callnumber-label | 210-BIT/1 |
| callnumber-raw | 210-BIT/1 |
| callnumber-search | 210-BIT/1 |
| collection_details | MPIPL |
| container_title | Studies in natural language and linguistic theory |
| dedup_id_str | MPIPL_cat.PL0053519 |
| dewey-hierarchy | 0/[Unassigned]/ |
| dewey-hierarchy_str | 0/[Unassigned]/ |
| first_indexed | 2026-03-14T00:40:06Z |
| format | 0/Buch/ |
| format_str | 0/Buch/ |
| fullrecord | <?xml version="1.0" encoding="UTF-8"?>
<collection xmlns:xsi="http://www.w3.org/2001/XMLSchema-instance" xsi:schemaLocation="http://www.loc.gov/MARC21/slim http://www.loc.gov/standards/marcxml/schema/MARC21slim.xsd" xmlns="http://www.loc.gov/MARC21/slim">
<record>
<leader>00000nam a2200000 ub4500</leader>
<controlfield tag="001">PL0053519</controlfield>
<controlfield tag="003">PLI01000000000000000053208</controlfield>
<controlfield tag="005">00000000000000.0</controlfield>
<controlfield tag="008"> ||| u </controlfield>
<datafield tag="020" ind1=" " ind2=" ">
<subfield code="a">0-7923-2649-0</subfield>
</datafield>
<datafield tag="020" ind1=" " ind2=" ">
<subfield code="a">9780792326496</subfield>
</datafield>
<datafield tag="090" ind1=" " ind2=" ">
<subfield code="a">210-Bit/1</subfield>
</datafield>
<datafield tag="100" ind1="1" ind2=" ">
<subfield code="a">Bittner, Maria</subfield>
</datafield>
<datafield tag="245" ind1="0" ind2="0">
<subfield code="a">Case, scope, and binding</subfield>
<subfield code="c">Maria Bittner</subfield>
</datafield>
<datafield tag="260" ind1=" " ind2=" ">
<subfield code="a">Dordrecht [etc.]</subfield>
<subfield code="b">Kluwer Academic</subfield>
<subfield code="c">1994</subfield>
</datafield>
<datafield tag="300" ind1=" " ind2=" ">
<subfield code="a">X, 202 p.</subfield>
</datafield>
<datafield tag="490" ind1="0" ind2=" ">
<subfield code="a">Studies in natural language and linguistic theory</subfield>
</datafield>
<datafield tag="830" ind1=" " ind2="0">
<subfield code="w">PL0000540</subfield>
</datafield>
<datafield tag="852" ind1=" " ind2=" ">
<subfield code="c">210-Bit/1</subfield>
<subfield code="m">BOOK</subfield>
</datafield>
</record>
</collection>
|
| hierarchy_parent_id | MPIPL_cat.PL0000540 |
| hierarchy_parent_title | Studies in natural language and linguistic theory |
| id | MPIPL_cat.PL0053519 |
| illustrated | Not Illustrated |
| institution | MPIPL_cat |
| institution_str | MPIPL_cat |
| isbn | 9780792326496 0-7923-2649-0 |
| language | und |
| language_str | und |
| last_indexed | 2026-04-27T23:41:37Z |
| online | false |
| online_MPIPL_cat | false |
| online_str | false |
| physical | X, 202 p. |
| publishDate | 1994 |
| publishDate_str | 1994 |
| publisher | Kluwer Academic |
| record_format | marc |
| series | Studies in natural language and linguistic theory |
| signature_search | 210-Bit/1 |
| spelling | Bittner, Maria Case, scope, and binding Maria Bittner Dordrecht [etc.] Kluwer Academic 1994 X, 202 p. Studies in natural language and linguistic theory PL0000540 |
| spellingShingle | Bittner, Maria Case, scope, and binding Studies in natural language and linguistic theory |
| title | Case, scope, and binding |
| title_full | Case, scope, and binding Maria Bittner |
| title_fullStr | Case, scope, and binding Maria Bittner |
| title_full_unstemmed | Case, scope, and binding Maria Bittner |
| title_search | Case, scope, and binding Studies in natural language and linguistic theory |
| title_short | Case, scope, and binding |
| title_sort | case scope and binding maria bittner |